Bibliografía moliniana
Uloženo v:
| Hlavní autor: | |
|---|---|
| Médium: | Kniha |
| Jazyk: | španělština |
| Vydáno: |
Santiago
Fondo Andrés Bello
1980
|
| Témata: | |
| Tagy: |
Přidat tag
Žádné tagy, Buďte první, kdo vytvoří štítek k tomuto záznamu!
|
MARC
| LEADER | 00000nam a2200000 a 4500 | ||
|---|---|---|---|
| 001 | UCP4362 | ||
| 003 | CL-VaPUC | ||
| 008 | 990724e19800000CL |||||||||||||||||spa|d | ||
| 082 | 0 | 4 | |a 013.983 |b GUN |2 21 |
| 100 | |a Gunckel Lüer, Hugo |e author |9 431839 | ||
| 245 | 1 | 0 | |a Bibliografía moliniana |
| 300 | |a 166 p | ||
| 942 | |c BK | ||
| 945 | |d 19990724 00:00:00 |a crobeson | ||
| 260 | |a Santiago |b Fondo Andrés Bello |c 1980 | ||
| 600 | 0 | |a Molina, Juan Ignacio, |d 1740-1829 |q Molina, Giovanni Ignazio |9 329528 | |
| 650 | 0 | |a Bibliografías |9 257071 | |
| 650 | 7 | |a NATURALISMO EN LA LITERATURA |2 CL-VaPUC |9 319209 | |
| 583 | |a last modification |c 19990724 00:00:00 |k Rodrigo Vera | ||
| 999 | |c 282346 |d 282344 | ||
| 952 | |0 0 |1 0 |4 0 |6 013_983000000000000_GUN_1980 |7 0 |8 A |9 324007 |a BIBHIS |b BIBHIS |d 2019-11-20 |i 1354132 |o 013.983 GUN 1980 |p 1354132 |r 2025-01-20 |w 2019-11-20 |y BK |k HIS | ||
| 952 | |0 0 |1 0 |4 0 |6 013_983000000000000_GUN_1980 |7 0 |8 A |9 324008 |a BIBHIS |b BIBHIS |d 2019-11-20 |i 1202189 |o 013.983 GUN 1980 |p 1202189 |r 2025-01-20 |w 2019-11-20 |y BK |k HIS | ||